| 000 | nam a22 a 4500 | ||
|---|---|---|---|
| 999 |
_c714 _d714 |
||
| 003 | AKMAL | ||
| 005 | 20170505083536.0 | ||
| 008 | 170505s1993 si 00 may d | ||
| 020 |
_a9971773201 (jil. 1): _cRM 33.00 |
||
| 020 |
_a997177321X (jil. 2): _cRM 72.00 satu set |
||
| 040 |
_aAKMAL _cAKMAL |
||
| 041 | 1 |
_amay _hara |
|
| 049 | 0 | 0 | _amal |
| 082 | 0 | 4 | _a297 ALH |
| 090 | 0 | 0 |
_a297 _bALH |
| 090 | 0 | 0 |
_a297 _bALH |
| 100 | 1 |
_aAlhusaini, Taqiyuddin Abubakar bin Muhammad _91524 |
|
| 245 | 1 | 0 |
_aKifayatul akhyar = kelengkapan orang saleh / _cImam Taqiyuddin Abu Bakar bin Muhammad AlHusaini ; alihbahasa Syed Ahmad Semait, K.H. Syarifuddin Anwar, K.H. Musthafa |
| 260 |
_aSingapura : _bPustaka Nasional, _c1993 |
||
| 300 | 0 | 0 |
_a2 jil. ; _c24cm |
| 500 | _aTerjemahan dari: Kifayatul akhyar fi halli ghayatil ikhtishar | ||
| 500 | _aMengandungi ayat-ayat dari al-Quran | ||
| 650 | 0 |
_aIslamic law _xInterpretation and construction _91525 |
|
| 650 | 0 |
_aIslamic law _xSources _91526 |
|
| 650 | 0 |
_aIslam _xDoctrines _9894 |
|
| 700 | 0 |
_aSyed Ahmad Semait _91527 |
|
| 700 | 1 |
_aAnwar, K. H. Syariffudin _91528 |
|
| 700 | 1 |
_aMusthafa, K. H. Mishbah _91529 |
|
| 942 |
_2ddc _cBOOK |
||